Prénoms garçon 1999 - Statistiques

Statistiques générales
  • Ce quiz a été pris 809 fois
    151 depuis la dernière actualisation
  • Le résultat moyen est 67 sur 100
Statistiques - réponses
Hint Lettre Prénoms % Correct
7 T Théo
96%
1 T Thomas
95%
2 L Lucas
94%
12 Q Quentin
94%
9 J Julien
93%
17 P Paul
93%
65 J Jules
92%
66 A Alex
89%
23 K Kevin
89%
14 L Louis
89%
43 L Léo
88%
10 V Valentin
88%
4 A Alexandre
87%
5 A Antoine
87%
6 H Hugo
87%
3 M Maxime
87%
16 R Romain
86%
8 N Nicolas
85%
52 J Jean
83%
24 A Alexis
82%
32 V Victor
82%
26 A Arthur
81%
53 G Gabriel
81%
18 P Pierre
81%
40 T Tom
81%
27 B Baptiste
80%
31 N Nathan
80%
57 W William
80%
13 C Clément
79%
22 M Mathieu
79%
11 F Florian
78%
41 M Mathis
78%
45 R Raphaël
78%
37 B Bastien
77%
39 D David
77%
69 V Vincent
77%
25 A Anthony
76%
15 B Benjamin
76%
29 C Corentin
76%
19 A Adrien
75%
56 D Damien
75%
28 J Jeremy
75%
70 Y Yann
75%
61 C Charles
74%
20 D Dylan
73%
59 M Martin
73%
34 S Simon
73%
36 A Axel
72%
38 G Guillaume
72%
51 D Dorian
71%
42 M Maxence
71%
80 F Florent
69%
21 E Enzo
68%
44 F Fabien
68%
49 K Kilian
68%
79 Y Yanis
67%
54 M Mathias
66%
48 S Samuel
66%
30 T Thibault
66%
83 T Tristan
66%
35 J Jordan
65%
33 R Rémi
64%
86 F François
63%
68 S Sébastien
63%
89 G Grégory
62%
60 M Matthieu
62%
55 B Benoît
59%
62 J Jonathan
59%
97 L Ludovic
58%
71 R Rémy
56%
96 S Sacha
56%
46 A Aurélien
55%
82 C Cédric
55%
76 A Arnaud
54%
91 D Dimitri
54%
64 M Maël
54%
58 R Robin
54%
63 A Antonin
53%
98 G Grégoire
53%
47 L Loïc
53%
88 A Adam
52%
77 B Bryan
52%
99 M Mohamed
51%
78 G Gaëtan
48%
87 T Thibaut
48%
72 E Erwan
47%
90 M Mickaël
46%
81 E Etienne
45%
100 S Sylvain
44%
67 B Brice
43%
84 R Ryan
42%
73 T Tony
39%
95 C Christopher
38%
75 L Lilian
37%
74 S Steven
36%
92 C Cyril
35%
94 J Jason
33%
93 J Jimmy
31%
85 A Alan
29%
50 A Allan
20%
Aucun quiz correspondant
Distribution des résultats
% des personnes avec chaque résultat
Percentile par nombre de réponses
Votre historique - résultats
Vous n’avez pas pris ce quiz depuis la dernière actualisation